[Event "World University-ch (Women)"]
[Site "Aracaju"]
[Date "2018.09.15"]
[Round "5"]
[White "Anekar, Shreya"]
[Black "Joeel, Sanjana"]
[Result "1/2-1/2"]
[WhiteElo "1461"]
[BlackElo "1544"]
[PlyCount "43"]
[EventDate "2018.09.13"]
[EventType "swiss"]
[EventRounds "9"]
[EventCountry "BRA"]
[SourceTitle "CBM 186 Extra"]
[Source "ChessBase"]
[SourceDate "2018.08.24"]
[SourceVersion "1"]
[SourceVersionDate "2018.08.24"]
[SourceQuality "1"]

1. e4 e5 2. Nf3 Nc6 3. Bb5 a6 4. Ba4 Nf6 5. 0-0 b5 6. Bb3 Bc5 7. Re1 d6 8. c3 Bg4 9. h3 Bh5 10. d3 0-0 11. Be3 Ba7 12. Nbd2 Na5 13. Bc2 c5 14. Nf1 Qc7 15. Bg5 Nd7 16. Ng3 Bg6 17. Nh4 h6 18. Bc1 Nf6 19. Bd2 Nd7 20. Bc1 Nf6 21. Bd2 Nd7 22. Bc1 1/2-1/2

[Event "World University-ch (Women)"]
[Site "Aracaju"]
[Date "2018.09.15"]
[Round "6"]
[White "Joeel, Sanjana"]
[Black "Campagnolo, Fabiola"]
[Result "1-0"]
[WhiteElo "1544"]
[BlackElo "1854"]
[PlyCount "63"]
[EventDate "2018.09.13"]
[EventType "swiss"]
[EventRounds "9"]
[EventCountry "BRA"]
[SourceTitle "CBM 186 Extra"]
[Source "ChessBase"]
[SourceDate "2018.08.24"]
[SourceVersion "1"]
[SourceVersionDate "2018.08.24"]
[SourceQuality "1"]

1. e4 c5 2. Nf3 g6 3. d4 cxd4 4. Nxd4 Nf6 5. Nc3 d6 6. Bc4 e6 7. Be3 Nc6 8. f3 a6 9. Qd2 Bg7 10. 0-0-0 Na5 11. Bb3 0-0 12. h4 d5 13. exd5 Nxb3+ 14. Nxb3 exd5 15. Nxd5 Nxd5 16. Qxd5 Qf6 17. Qd4 Qf5 18. Qf4 Qxf4 19. Bxf4 Be6 20. Be3 Rfe8 21. Bd4 Rac8 22. Bxg7 Bxb3 23. axb3 Kxg7 24. Rhe1 Rxe1 25. Rxe1 Kf6 26. c3 Rc7 27. Re4 g5 28. hxg5+ Kxg5 29. Rg4+ Kf5 30. Kd2 h5 31. Re4 Kg5 32. f4+ 1-0

[Event "World University-ch (Women)"]
[Site "Aracaju"]
[Date "2018.09.14"]
[Round "3"]
[White "Joeel, Sanjana"]
[Black "Kolaric, Spela"]
[Result "0-1"]
[WhiteElo "1544"]
[BlackElo "2108"]
[PlyCount "90"]
[EventDate "2018.09.13"]
[EventType "swiss"]
[EventRounds "9"]
[EventCountry "BRA"]
[SourceTitle "CBM 186 Extra"]
[Source "ChessBase"]
[SourceDate "2018.08.24"]
[SourceVersion "1"]
[SourceVersionDate "2018.08.24"]
[SourceQuality "1"]

1. e4 e5 2. Nf3 Nc6 3. Bb5 a6 4. Ba4 Nf6 5. 0-0 Be7 6. Re1 b5 7. Bb3 d6 8. c3 0-0 9. h3 Nb8 10. d4 Nbd7 11. Nbd2 Bb7 12. Bc2 Re8 13. Nf1 Bf8 14. Ng3 g6 15. Bd2 h6 16. Nh2 Bg7 17. f4 Nh7 18. Be3 Qh4 19. Qg4 Qxg4 20. Nxg4 h5 21. Nf2 exf4 22. Bxf4 Ndf8 23. Rad1 Rad8 24. Nf1 Ne6 25. Bc1 a5 26. Nd2 c5 27. Nf3 Rc8 28. Re2 Re7 29. d5 Nc7 30. Rde1 Rd8 31. Bf4 Red7 32. c4 Ba6 33. Rb1 bxc4 34. Ba4 Bb5 35. Bxb5 Nxb5 36. Rc2 Nd4 37. Nxd4 Bxd4 38. Re1 Nf6 39. Rxc4 Nxd5 40. Bg3 Nb4 41. Kf1 Bxb2 42. Re2 Bd4 43. a3 Nc6 44. Nd3 Rb8 45. Re1 Rb2 0-1

[Event "World University-ch (Women)"]
[Site "Aracaju"]
[Date "2018.09.13"]
[Round "1"]
[White "Wozniak, Mariola"]
[Black "Joeel, Sanjana"]
[Result "1-0"]
[WhiteElo "2170"]
[BlackElo "1544"]
[PlyCount "35"]
[EventDate "2018.09.13"]
[EventType "swiss"]
[EventRounds "9"]
[EventCountry "BRA"]
[SourceTitle "CBM 186 Extra"]
[Source "ChessBase"]
[SourceDate "2018.08.24"]
[SourceVersion "1"]
[SourceVersionDate "2018.08.24"]
[SourceQuality "1"]

1. e4 e5 2. Nf3 Nc6 3. Nc3 Nf6 4. d4 exd4 5. Nxd4 Bb4 6. Nxc6 bxc6 7. Bd3 d6 8. 0-0 h6 9. h3 0-0 10. f4 Re8 11. Qf3 Qe7 12. Bd2 Bxc3 13. Bxc3 Nxe4 14. Bxe4 Qxe4 15. Rae1 Bf5 16. Rxe4 Bxe4 17. Qg3 f6 18. Bxf6 1-0